000 00655cam a22002293a 4500
001 34575
003 PGUSA
005 20140828083739.0
008 101205s2010||||xxu|||||s|||||000 | eng d
040 _aPGUSA
_beng
042 _adc
100 1 _aFrancis, John,
_d1875-
245 1 4 _aThe Triumph of Virginia Dale
_h[electronic resource] /
_cJohn Francis
260 _bProject Gutenberg,
_c2010
506 _aPublic domain in the USA.
516 _aElectronic text
700 1 _aCoffin, Haskell,
_d1878-1941
700 1 _aGoss, John,
_d1886-1963
830 0 _aProject Gutenberg
_v34575
856 4 0 _uhttp://www.gutenberg.org/ebooks/34575
942 _cEB
999 _c263830
_d263830